000 00374nam a22001457a 4500
003 LK-CoDNM
005 20240815130139.0
008 240815b |||||||| |||| 00| 0 eng d
040 _aLK-CoDNM
_dLK-CoDNM
_eLK-CoDNM
080 _a9
_bN11
245 _aTHE CATHOLIC DOCTRLINE
260 _aCOLOMBO
_bTHE MESSENGER PRESS BORELLA
_c1918
300 _a138P. 20 CM
942 _cBK
999 _c147989
_d147989